Demontaž kommunizma (Titelsatznr. 57671)
[ MARC ]
| 000 -Satzkennung | |
|---|---|
| Kontrollfeld mit fester Länge | 00976nam a2200313 c 4500 |
| 001 - Kontrollnummer | |
| Kontrollfeld | BV047267632 |
| 003 - Kontrollnummer Identifier | |
| Kontrollfeld | DE-604 |
| 005 - Datum und Zeit der letzten Transaktion | |
| Kontrollfeld | 20230616082810.0 |
| 007 - Feld mit fester Länge zur physischen Beschreibung - Allgemeine Information | |
| Kontrollfeld mit fester Länge | t |
| 008 - Feld mit fester Länge zur physischen Beschreibung - Allgemeine Angaben | |
| Kontrollfeld mit fester Länge | 210504s2021 a||| |||| 00||| rus d |
| 020 ## - Internationale Standardbuchnummer | |
| Internationale Standardbuchnummer | 9785444815427 |
| Verknüpfung | 978-5-4448-1542-7 |
| 035 ## - Systemkontrollnummer | |
| System-Kontrollnummer | (OCoLC)1256445218 |
| 035 ## - Systemkontrollnummer | |
| System-Kontrollnummer | (DE-599)BVBBV047267632 |
| 040 ## - Katalogisierungsquelle | |
| Original-Katalogisierungsstelle | DE-604 |
| Katalogisierungssprache | ger |
| Übertragungsstelle | RU-10907106 |
| 041 0# - Sprachcode | |
| Sprachcode des Textes/der Tonspur oder des separaten Titels | rus |
| 245 10 - Titel | |
| Titel | Demontaž kommunizma |
| Zusatz zum Titel | Tridcat' let spustja |
| Verfasserangabe etc. | pod red. K. Rogova |
| 264 #1 - Produktion, Veröffentlichung, Distribution, Herstellung und Urheberrechtsvermerk | |
| Herstellungs-, Veröffentlichungs- Vertriebs-, Erzeugungsort | Moskva ; |
| Produzent, Herausgeber, Distributor, Hersteller | Novoe literaturnoe obozrenie, |
| Datum der Herstellung, der Veröffentlichung, des Vertriebs oder des Urheberschutzvermerks | 2021. |
| 300 ## - Physische Beschreibung | |
| Umfang | 444 Seiten |
| Andere physische Details | Illustrationen, Diagramme |
| 336 ## - Inhaltstyp | |
| Inhaltstypterm | Text |
| Inhaltstypcode | txt |
| Quelle | rdacontent |
| 337 ## - Medientyp | |
| Bezeichnung des Medientyps | ohne Hilfsmittel zu benutzen |
| Medientypcode | n |
| Quelle | rdamedia |
| 338 ## - Datenträgertyp | |
| Datenträgertypbezeichnung | Band |
| Datenträgertypcode | nc |
| Quelle | rdacarrier |
| 490 0# - Gesamttitelangabe | |
| Gesamttitelangabe | Biblioteka žurnala Neprikosnovennyj zapas |
| 650 ## - Nebeneintragung unter einem Schlagwort - Sachschlagwort | |
| Sachschlagwort oder geografischer Name als Eintragungselement | Postkommunismus |
| Koha-Normdatenidentnummer | 4648 |
| 651 ## - Nebeneintragung unter einem Schlagwort - Geografischer Name | |
| Geografischer Name | Sowjetunion |
| 651 ## - Nebeneintragung unter einem Schlagwort - Geografischer Name | |
| Geografischer Name | Russland |
| 700 1# - Nebeneintragung - Personenname | |
| Funktionsbezeichnungscode | edt |
| Personenname | Rogov, Kirill Jurʹevič |
| Datumsangaben in Verbindung mit einem Namen | 1966- |
| Funktionsbezeichnung | Herausgeber |
| Koha-Normdatenidentnummer | 24158 |
| 940 1# - EQUIVALENCE OR CROSS-REFERENCE--UNIFORM TITLE [OBSOLETE] [CAN/MARC only] | |
| Erscheinungsjahr eines Werkes | sla |
| 942 ## - Zusätzliche Felder (Koha) | |
| Klassifikation oder Aufstellungssystematik | Andere/Generische Klassifikation |
| Koha-Medientyp | Monographien |
| Ausgeschieden | Verloren | Klassifikation oder Aufstellungssystematik | Beschädigt | Nicht entleihbar | Heimatbibliothek | Aufenthaltsbibliothek | Aufstellungsort | Erwerbungsdatum | Inventarnummer | Signatur | Barcode | Letzte Aktivität | Preis gültig von | Koha-Medientyp |
|---|---|---|---|---|---|---|---|---|---|---|---|---|---|---|
| Andere/Generische Klassifikation | MWN Osteuropa | MWN Osteuropa | Magazin - 2 | 21/09/2021 | 21-01585 | R 72 ed Rog | E00401082D371B1F | 21/09/2021 | 21/09/2021 | Monographien |